000 00796nam a2200253Ia 4500
003 OSt
005 20220927112115.0
006 a|||||r|||| 00| 0
007 ta
008 220926b |||||||| |||| 00| 0 eng d
024 _a105645
037 _cReports
040 _aRTL
_cRTL
_beng
041 _2eng
_aeng
082 _a"X9(KZ31:71).251.N7t, L1"
110 _a"India, Government Of .... Lok Sabha (5th) PAC, 1971-72"
_9383122
245 0 _aSix report
_b Delhi Milk Scheme
260 _aNew
_bDelhi The Author India
_c1971
300 _a114p.
_ccm.
650 _aAnimal Husbandry Industry
700 _a"India, Government Of .... Lok Sabha (5th) PAC, 1971-72"
_9383123
942 _h"X9(KZ31:71).251.N7t, L1"
_cCC
999 _c699811
_d699811